书目信息 |
| 题名: |
五笔字型学习捷径
|
|
| 作者: | 庄跃辉 编著 | |
| 分册: | ||
| 出版信息: | 北京 清华大学出版社 1994.12 |
|
| 页数: | 198页 | |
| 开本: | 16开 | |
| 丛书名: | ||
| 单 册: | ||
| 中图分类: | TP391.14 | |
| 科图分类: | ||
| 主题词: | 计算机应用 | |
| 电子资源: | ||
| ISBN: | 7-302-01718-2 | |
| 000 | 00571nam0 2200193 45 | |
| 001 | 0010090980 | |
| 005 | 20010605150409.3 | |
| 010 | @a7-302-01718-2@d15.00元 | |
| 100 | @a20001009d1994 km y0chiy0120 ea | |
| 101 | 0 | @achi |
| 105 | @a z 000yy | |
| 200 | 1 | @a五笔字型学习捷径@AWu Bi Zi Xing Xue Xi Jie Jing@f庄跃辉等编著@FZhuang Yue Hui Deng Bian Zhu |
| 210 | @a北京@c清华大学出版社@d1994.12 | |
| 215 | @a198页@d16开 | |
| 606 | 0 | @a计算机应用 |
| 690 | @aTP391.14@v3 | |
| 701 | 0 | @a庄跃辉@4编著 |
| 801 | @aCN@bPftUser@c20001009 | |
| 905 | @dTP391.14@eZH335@b61553-562@f10 | |
| 五笔字型学习捷径/庄跃辉等编著.-北京:清华大学出版社,1994.12 |
| 198页;16开 |
| ISBN 7-302-01718-2:15.00元 |
| ● |
| 相关链接 |
|
|
|
正题名:五笔字型学习捷径
索取号:TP391.14/ZH335
 
预约/预借
| 序号 | 登录号 | 条形码 | 馆藏地/架位号 | 状态 | 备注 |
| 1 | 61553 | 200615539 | 自科库301/301自科库 65排4列1层/ [索取号:TP391.14/ZH335] | 在馆 | |
| 2 | 61559 | 200615593 | 自科库301/ [索取号:TP391.14/ZH335] | 在馆 |